| 000 | 01512nam a2200277Ia 4500 | ||
|---|---|---|---|
| 999 |
_c55924 _d55924 |
||
| 001 | 23022 | ||
| 003 | GE_BSU | ||
| 005 | 20230629144144.0 | ||
| 008 | 181216s1988||||ge |||||||||||||| ||geo|| | ||
| 020 | _aISBN: 5511002275 | ||
| 040 | _cGE_BSU | ||
| 041 | _ageo | ||
| 080 | _a821.14'01-14 ა-61 | ||
| 100 |
_aანაკრეონტი, დაახლ. 570-478 ჩ.წ.ა. _919071 |
||
| 245 |
_aანაკრეონტეა, ლირიკა / _cანაკრეონტი, დაახლ. 570-478 ჩ.წ.ა. ; ძვ. ბერძნ. თარგმნა, შესავ. წერილი, კომენტარები და სახელთა საძიებელი დაურთო: თამარ კალატოზმა ; რედ. აკაკი ურუშაძე. |
||
| 264 |
_aთბილისი : _bთბილ. უნ-ტის გამ-ბა, _c1988. |
||
| 300 |
_a150 გ. : _b ილ. შავ–თეთრი ; _c19 სმ. |
||
| 500 | _aპარალელური თავფურცელი ბერძნულ ენაზე | ||
| 500 | _aსაძიებლები : გვ. 139-150 | ||
| 541 | _h0.50თ | ||
| 653 | _aლირიკა | ||
| 653 | _aანაკრეონტეა | ||
| 700 |
_aურუშაძე, აკაკი _eრედაქტორი _919072 |
||
| 710 |
_bთსუ-ს ბერძნულ-ლათინური ბიბიოთეკა _919073 |
||
| 942 |
_cBK _2udc |
||